000
00272nam a2200109Ia 4500
008
200302s9999 xx 000 0 und d
100
_a
Shri K. Anantharama Rao ed.,
245
_a
Vision 21st Century
260
_b
Vidya publishing House
260
_c
2000
300
_a
631 P.,
999
_c
1393
_d
1393